MARC

LEADER 00000nam0a2200000 4500
001 298542
005 20231102001120.0
035 |a (RuTPU)RU\TPU\book\323685 
090 |a 298542 
100 |a 20150618d1859 km y0rusy50 ca 
101 0 |a rus 
102 |a RU 
105 |a a z 000zy 
200 1 |a Атлас чертежей, относящихся к первой части строительного искусства  |e на 40 листах  |f П. С. Усов 
205 |a Литографическое издание 
210 |a Санкт-Петербург  |c Литография Р. Гундризера  |d 1859 
215 |a 40 л.  |c черт. 
300 |a На корешке: Атлас Усова 
606 1 |a Гражданское строительство  |2 stltpush  |3 (RuTPU)RU\TPU\subj\8517  |9 35918 
610 1 |a печи 
610 1 |a сопротивление материалов 
610 1 |a деревянные сопряжения 
610 1 |a каменная кладка 
610 1 |a металлические сопряжения 
610 1 |a камнеподъемные машины 
610 1 |a кружила 
610 1 |a подпорные стенки 
610 1 |a берегоукрепление 
610 1 |a сваи 
610 1 |a копры 
610 1 |a подводные пилы 
610 1 |a перемычки 
610 1 |a откачка воды 
610 1 |a шлемы водолазные 
610 1 |a подводные судна 
610 1 |a мосты 
610 1 |a основания 
610 1 |a устройства 
610 1 |a сваи 
610 1 |a земляные работы 
610 1 |a подземные галереи 
610 1 |a фашинные работы 
610 1 |a атласы 
610 1 |a чертежи 
610 1 |a учебные пособия 
610 1 |a коллекция русских учебников 
675 |a 725(075.8)  |v 4 
700 1 |a Усов  |b П. С.  |c инженер путей сообщения  |f 1832-1897  |g Петр Степанович  |2 stltpush  |3 (RuTPU)RU\TPU\pers\34862  |9 18198 
801 1 |a RU  |b 63413507  |c 20150618 
801 2 |a RU  |b 63413507  |c 20150618  |g RCR 
942 |c BK